000
00283nam a22001337a 4500
008
170616b xxu||||| |||| 00| 0 eng d
020
_a
0316110612
041
_a
eng
080
_a
323
100
_a
20
101
_a
SHP
245
_a
ON THE FRONT BURNER
_c
BROWN,S
942
_2
udc
_c
BK
999
_c
17687
_d
17687